000 00408nam a2200169Ia 4500
008 230524s9999 xx 000 0 und d
020 _a0333975047
082 _a541.3
_bKAP
100 _aK.L.Kapoor
245 2 _aA Text Book of Physical Chemistry Vol-1
250 _a3RD
260 _aNEW DELHI
_bMacmillan
_c2003
300 _a496
500 _aQuantity Number: 10
650 _aChemistry
942 _cBK
999 _c1417
_d1417